1954 Asian Games Medal Table - Statistics

General Stats
  • This quiz has been taken 13 times
  • The average score is 10 of 13
Answer Stats
Answer % Correct
India
100%
Indonesia
100%
Japan
100%
Pakistan
100%
Israel
86%
Philippines
86%
South Korea
86%
Burma
71%
Ceylon
71%
Afghanistan
57%
Republic of China
57%
Hong Kong
43%
Singapore
43%
No matching quizzes found
Score Distribution
Percent of People with Each Score
Percentile by Number Answered
Your Score History
You have not taken this quiz